Grootste steden van Europa - Statistieken

Algemene statistieken
  • Deze quiz is 471 keer genomen
  • De gemiddelde score is 21 van 30
Antwoordstatistieken
Plaats Inwoners Metropool % Correct
4 11.200.000 Parijs
98%
11 4.700.000 Berlijn
94%
3 14.050.000 Londen
94%
5 6.300.000 Madrid
94%
1 16.700.000 Moskou
94%
23 2.375.000 Amsterdam
92%
13 3.600.000 Rome
90%
10 4.550.000 Barcelona
89%
30 2.120.000 Brussel
84%
7 5.150.000 Milaan
81%
14 3.425.000 Athene
80%
26 2.250.000 Munchen
77%
25 2.275.000 Warschau
77%
22 2.600.000 Lissabon
76%
29 2.140.000 Wenen
74%
9 4.740.000 Den Haag / Rotterdam
71%
15 3.375.000 Kiev
69%
19 3.031.000 Boedapest
68%
20 3.100.000 Manchester
68%
27 2.200.000 Boekarest
67%
21 2.750.000 Hamburg
62%
6 5.460.000 Sint-Petersburg
62%
16 3.155.000 Frankfurt
57%
2 14.500.000 Istanbul
56%
12 4.250.000 Napels
55%
8 5.180.000 Keulen / Dusseldorf
53%
17 3.125.000 Birmingham
45%
28 2.150.000 Leeds
26%
24 2.325.000 Stuttgart
25%
18 3.050.000 Katowice
2%
Geen overeenkomende quizzen gevonden
Scoreverdeling
Procent van Mensen met Elke Score
Percentiel versus Aantal Correcte Antwoorden
Uw Scoregeschiedenis
U heeft deze quiz nog niet genomen